Skip to main content
Your cart is empty.
Your lists
Log in to create your own lists
Your cookies
العربية
English
العربية
Home
Search
Advanced search
Authority search
About
The noble scholar, jurist, historian
His Excellency Dr. Abdul Wahhab bin Ibrahim Abu Sulaiman, may Allah have mercy on him.
He was born in Umm Al-Qura in the year 1356 AH.
Library catalog
Title
Author
Subject
ISBN
ISSN
Series
Call number
Log in to your account
×
Login:
Password:
Home
MARC view: الروض الفائح وبغية الغادي والرائح بإجازة فضيلة الأستاذ محمد رياض المالح 1358-1419 هـ /
Normal view
MARC view
ISBD view
الروض الفائح وبغية الغادي والرائح بإجازة فضيلة الأستاذ محمد رياض المالح 1358-1419 هـ / (Record no. 13768)
[
view plain
]
MARC details
000 -LEADER
fixed length control field
01995cam a2200337 i 4500
003 - CONTROL NUMBER IDENTIFIER
control field
SA_RiAUC
003 - CONTROL NUMBER IDENTIFIER
control field
SA-RiAUC
005 - DATE AND TIME OF LATEST TRANSACTION
control field
20251229071836.0
008 - FIXED-LENGTH DATA ELEMENTS--GENERAL INFORMATION
fixed length control field
251124s2005____le g 000 0dara c
040 ## - CATALOGING SOURCE
Original cataloging agency
SA-RiIMS
Language of cataloging
ara
Transcribing agency
SA-RiAUC
Description conventions
rda
082 0# - DEWEY DECIMAL CLASSIFICATION NUMBER
Classification number
233.1
Assigning agency
SA-RiAUC
090 ## - LOCALLY ASSIGNED LC-TYPE CALL NUMBER (OCLC); LOCAL CALL NUMBER (RLIN)
Classification number (OCLC) (R) ; Classification number, CALL (RLIN) (NR)
233.1
Local cutter number (OCLC) ; Book number/undivided call number, CALL (RLIN)
ف ا د
100 1# - MAIN ENTRY--PERSONAL NAME
Personal name
الفاداني، محمد ياسين بن محمد عيسى،
Dates associated with a name
1335-1411 هجري
Relator term
مؤلف.
245 12 - TITLE STATEMENT
Title
الروض الفائح وبغية الغادي والرائح بإجازة فضيلة الأستاذ محمد رياض المالح 1358-1419 هـ /
Statement of responsibility, etc.
محمد ياسين محمد عيسى الفاداني المكي ؛ تحقيق يوسف عبد الرحمن المرعشلي.
250 ## - EDITION STATEMENT
Edition statement
الطبعة الأولى.
264 #1 - PRODUCTION, PUBLICATION, DISTRIBUTION, MANUFACTURE, AND COPYRIGHT NOTICE
Place of production, publication, distribution, manufacture
بيروت :
Name of producer, publisher, distributor, manufacturer
دار البشائر الإسلامية،
Date of production, publication, distribution, manufacture, or copyright notice
2005
300 ## - PHYSICAL DESCRIPTION
Extent
894 صفحة ؛
Dimensions
24 سم.
336 ## - CONTENT TYPE
Content type term
نص
Content type code
txt
Source
rdacontent
Materials specified
كتاب
337 ## - MEDIA TYPE
Media type term
بدون وسيط
Media type code
n
Source
rdamedia
338 ## - CARRIER TYPE
Carrier type term
مجلد
Carrier type code
nc
Source
rdacarrier
490 1# - SERIES STATEMENT
Series statement
مكتبة نظام يعقوبي الخاصة (المنامة).
--
الأثبات والمشيخات والإجازات والمسلسلات ؛
Volume/sequential designation
3
563 ## - BINDING INFORMATION
Binding note
تجليد شمواه.
600 17 - SUBJECT ADDED ENTRY--PERSONAL NAME
Personal name
المالح، محمد رياض،
Dates associated with a name
1358-1419 هجري
General subdivision
آراء حول الحديث
Source of heading or term
aucnm
650 #7 - SUBJECT ADDED ENTRY--TOPICAL TERM
Topical term or geographic name entry element
الإجازة (علم الحديث)
Source of heading or term
aucsh
650 #7 - SUBJECT ADDED ENTRY--TOPICAL TERM
Topical term or geographic name entry element
الحديث
General subdivision
رواية
Source of heading or term
aucsh
700 1# - ADDED ENTRY--PERSONAL NAME
Personal name
المرعشلي، يوسف عبد الرحمن،
Dates associated with a name
1952-
Relator term
محقق.
700 12 - ADDED ENTRY--PERSONAL NAME
Relationship information
تحقيق لـ (عمل) :
Personal name
الفاداني، محمد ياسين بن محمد عيسى،
Dates associated with a name
1335-1411 هجري
Title of a work
الروض الفائح وبغية الغادي والرائح بإجازة فضيلة الأستاذ محمد رياض المالح 1358-1419 هـ.
830 #2 - SERIES ADDED ENTRY--UNIFORM TITLE
Uniform title
مكتبة نظام يعقوبي الخاصة.
Name of part/section of a work
الأثبات والمشيخات والإجازات والمسلسلات
Volume/sequential designation
3
942 ## - ADDED ENTRY ELEMENTS (KOHA)
Source of classification or shelving scheme
Dewey Decimal Classification
Koha item type
Books
Suppress in OPAC
No
949 ## - LOCAL PROCESSING INFORMATION (OCLC)
a
SA-JeALM
d
251124
u
mohamedma123
n
1
Holdings
Withdrawn status
Lost status
Source of classification or shelving scheme
Damaged status
Not for loan
Home library
Current library
Date acquired
Total checkouts
Full call number
Barcode
Date last seen
Price effective from
Koha item type
Dewey Decimal Classification
DR AbdElwahab Library
DR AbdElwahab Library
12/29/2025
233.1 ف ا د
000022074
12/29/2025
12/29/2025
Books
Place hold
Print
Add to your cart
(remove)
Save record
BIBTEX
Dublin Core
MARCXML
MARC (non-Unicode/MARC-8)
MARC (Unicode/UTF-8)
MARC (Unicode/UTF-8, Standard)
MODS (XML)
RIS
ISBD
More searches
Search for this title in:
Other Libraries (WorldCat)
Other Databases (Google Scholar)
Online Stores (Bookfinder.com)
Open Library (openlibrary.org)
Exporting to Dublin Core...
×
Simple DC-RDF
OAI-DC
SRW-DC